000 01254nam a2200241Ia 4500
003 Ost
005 20260507075041.0
008 260507s9999||||xx |||||||||||||| ||und||
040 _cfsecg
041 _aara
082 _a330
100 _aأحمد، حسام الدين أحمد
_eمؤلف
245 0 _aتطبيقات المحاسبة العملية في الإعتمادات المستندية والطلبيات /
_c حسام الدين أحمد أحمد
260 _aعمان:
_bشركة الشرق الأوسط للطباعة,
_c1997
300 _a272 صفحة؛
_bإيضاحات ؛
_c25 سم
520 _aوظيفة الشراء، الاعتمادات والطلبيات ومعالجتها المحاسبية، مشاكل في تسعير البضاعة الواردة بموجب إعتمادات مستندية وطلبيات، مشاكل في المعالجة المحاسبية للإعتمادات والطلبيات، الشحن،البوندد، المنطقة الحرة، الإدخال المؤقت
653 _aالاعتمادات المستندية
653 _aالبضاعة
653 _aالشحن
653 _aالمحاسبة
700 _aبدران، نعيم عيسى
_eمؤلف ثانوي
942 _cكتاب
999 _c42517
_d42517